| 000 | 00585nam a2200205Ia 4500 | ||
|---|---|---|---|
| 005 | 20230626115308.0 | ||
| 008 | 131103s9999 xx 000 0 und d | ||
| 040 | _aLoreto College | ||
| 041 | _aEnglish | ||
| 082 |
_a942.066 _bBRY |
||
| 100 | _aBryant,Arthur | ||
| 245 |
_aSamuel Pepys _b the years of Peril _cArthur Bryant |
||
| 260 |
_aCambridge _bUniversity Press _c1935 |
||
| 300 |
_axv,466 p. _b Frontispiece |
||
| 504 | _aIncludes bibliographical references and index | ||
| 650 | _aPepys,Samuel | ||
| 651 | _aEngland - History,1660 - 1685 | ||
| 850 | _aLCLIB | ||
| 942 | _cBK | ||
| 999 |
_c8420 _d58899 |
||